000 00212 a2200097 4500
001 30124
100 _aRamsey A S
245 _aDynamics
260 _aLondon
_bThe English language Book
_c
090 _c20075
_d20075
942 _aNUST-CAE
_cM
_c11198
999 _c265197
_d265197